Handbook of psychological and educational assessment of children : (Record no. 2962)

000 -LEADER
fixed length control field 01502cam a2200337 a 4500
001 - CONTROL NUMBER
control field 13122330
003 - CONTROL NUMBER IDENTIFIER
control field OSt
005 - DATE AND TIME OF LATEST TRANSACTION
control field 20180117085953.0
008 - FIXED-LENGTH DATA ELEMENTS--GENERAL INFORMATION
fixed length control field 030313s2003 nyu b 001 0 eng
010 ## - LIBRARY OF CONGRESS CONTROL NUMBER
LC control number 2003005957
020 ## - INTERNATIONAL STANDARD BOOK NUMBER
International Standard Book Number 1572308842 (alk. paper)
040 ## - CATALOGING SOURCE
Original cataloging agency DLC
Transcribing agency DLC
Modifying agency DLC
050 00 - LIBRARY OF CONGRESS CALL NUMBER
Classification number BF722
Item number .H33 2003b
082 00 - DEWEY DECIMAL CLASSIFICATION NUMBER
Classification number 155.4/028/7
Edition number 21
245 00 - TITLE STATEMENT
Title Handbook of psychological and educational assessment of children :
Remainder of title personality, behavior, and context /
Statement of responsibility, etc. edited by Cecil R. Reynolds and Randy W. Kamphaus.
250 ## - EDITION STATEMENT
Edition statement 2nd ed.
260 ## - PUBLICATION, DISTRIBUTION, ETC.
Place of publication, distribution, etc. New York :
Name of publisher, distributor, etc. Guilford Press,
Date of publication, distribution, etc. c2003.
300 ## - PHYSICAL DESCRIPTION
Extent xv, 539 p. ;
Dimensions 26 cm.
504 ## - BIBLIOGRAPHY, ETC. NOTE
Bibliography, etc. note Includes bibliographical references (p. 523-525) and index.
650 #0 - SUBJECT ADDED ENTRY--TOPICAL TERM
Topical term or geographic name entry element Psychological tests for children.
650 #0 - SUBJECT ADDED ENTRY--TOPICAL TERM
Topical term or geographic name entry element Achievement tests.
700 1# - ADDED ENTRY--PERSONAL NAME
Personal name Reynolds, Cecil R.,
Dates associated with a name 1952-
700 1# - ADDED ENTRY--PERSONAL NAME
Personal name Kamphaus, Randy W.
856 42 - ELECTRONIC LOCATION AND ACCESS
Materials specified Publisher description
Uniform Resource Identifier <a href="http://www.loc.gov/catdir/description/guilford051/2003005957.html">http://www.loc.gov/catdir/description/guilford051/2003005957.html</a>
856 41 - ELECTRONIC LOCATION AND ACCESS
Materials specified Table of contents
Uniform Resource Identifier <a href="http://www.loc.gov/catdir/toc/guilford041/2003005957.html">http://www.loc.gov/catdir/toc/guilford041/2003005957.html</a>
856 41 - ELECTRONIC LOCATION AND ACCESS
Materials specified Sample text
Uniform Resource Identifier <a href="http://www.loc.gov/catdir/enhancements/fy0650/2003005957-s.html">http://www.loc.gov/catdir/enhancements/fy0650/2003005957-s.html</a>
906 ## - LOCAL DATA ELEMENT F, LDF (RLIN)
a 7
b cbc
c orignew
d 1
e ecip
f 20
g y-gencatlg
942 ## - ADDED ENTRY ELEMENTS (KOHA)
Source of classification or shelving scheme
Koha item type Book
Holdings
Withdrawn status Lost status Source of classification or shelving scheme Damaged status Not for loan Collection code Permanent Location Current Location Shelving location Date acquired Full call number Barcode Date last seen Price effective from Koha item type
            Central Library (CL) Central Library (CL) General Stacks 03/29/2016 155.4/028/7 REY S3H-S-155 03/29/2016 03/29/2016 Reference
© 2023 Central Library, National University of Sciences and Technology. All Rights Reserved.